Women's in sitcoms part-1 - Statistics

General Stats
  • This quiz has been taken 20 times
  • The average score is 6 of 16
Answer Stats
Picture Answer % Correct
Monica Geller
94%
Rachel green
94%
Phoebe buffay
65%
Amy Farrah Fowler
47%
Amy Santiago
41%
Rosa diaz
41%
Penny Hofstadter
35%
Bernadette rostenkowski
29%
Max black
29%
Caroline Channing
24%
Gina linetti
24%
Alexis rose
18%
Jocelyn schitts
18%
Lois Wilkerson
18%
Moira rose
18%
Twyla sands
18%
No matching quizzes found
Score Distribution
Percent of People with Each Score
Percentile by Number Answered
Your Score History
You have not taken this quiz